000 00408nam a22001457a 4500
005 20200522122455.0
008 200522b xxu||||| |||| 00| 0 eng d
082 _a345.4 AIR
110 _aThe All India Reporter
_95738
245 _aThe All India Reporter1963 (VOL-50) STATUTE AND ARTICLES Section
260 _aBOMBAY
_bThe All India Reporter Ltd.
300 _a112P.
650 _aLAW
_95701
942 _cJRL
999 _c6435
_d6433